| 000 | 00448nam a2200169Ia 4500 | ||
|---|---|---|---|
| 008 | 121207t1979 xxu||||| |||| 00| 0 sin d | ||
| 041 | _asin | ||
| 080 |
_a8S-31 _bJAY |
||
| 100 | _aJayathunga, Nihal P. | ||
| 245 | _aසදාතන සෙනෙහසක් | ||
| 246 | _aSadathana Senehasak | ||
| 260 |
_bIndika Publishers _aColombo _c1979 |
||
| 300 | _a144p., 18 cm | ||
| 942 | _cBK | ||
| 999 |
_c70382 _d70382 |
||
| 003 | LK-CoDNM | ||
| 040 |
_aLK-CoDNM _dLK-CoDNM _eLK-CoDNM |
||